00571cam a22001817a 4500003000500000005001700005008004100022010001000063011001000073035001000083040000900093100003000102245007200132260003900204300002200243502008700265650003700352CHAP20220329135638.0971013s1976 r 00010 d a39851 a40823 a44949 cCHAP00aMoore González, Thelma.13aEl consumo de energía eléctrica en México proyecciones a 1990 aMonterrey, N.L. :bEl autor,c1976 a126 h.b; gráfs aTesis (Lic. en Economía) -- Univ. Autónoma de Nuevo León. Fac. de Economía14aIndustria eléctricaxMéxico.